| 000 | 00429nam a2200181Ia 4500 | ||
|---|---|---|---|
| 003 | 0STCL | ||
| 008 | 150530s9999 xx 000 0 und d | ||
| 040 |
_aSTCL _cSTCL |
||
| 100 | _aNesamony, S. | ||
| 245 | _aOushadha Sasyangal | ||
| 250 | _a6 | ||
| 260 |
_bState Institute of Lanagauge; Trivandrum _c1993 _aTrivandrum |
||
| 300 | _a0 | ||
| 546 | _aMalayalam | ||
| 942 |
_2ddc _cBK |
||
| 999 |
_c40111 _d40111 |
||
| 005 | 20220125170512.0 | ||